Tác phẩm văn học được giải thưởng Hồ Chí Minh

Tallennettuna:
Bibliografiset tiedot
Päätekijä: Nguyễn, Tuân
Aineistotyyppi: Kirja
Kieli:Undetermined
Julkaistu: Hà Nội Văn học 2006
Aiheet:
Tagit: Lisää tagi
Ei tageja, Lisää ensimmäinen tagi!
Thư viện lưu trữ: Trung tâm Học liệu Trường Đại học Cần Thơ
LEADER 00649nam a2200205Ia 4500
001 CTU_121689
008 210402s9999 xx 000 0 und d
082 |a 895.922331 
082 |b T502/Q1 
100 |a Nguyễn, Tuân 
245 0 |a Tác phẩm văn học được giải thưởng Hồ Chí Minh 
245 0 |c Nguyễn Tuân 
260 |a Hà Nội 
260 |b Văn học 
260 |c 2006 
650 |a Vietnamese fiction,Thơ Việt Nam 
650 |x Collection,Bộ sưu tập 
650 |y 20th century,Thế kỷ 20 
904 |i Tuyến 
980 |a Trung tâm Học liệu Trường Đại học Cần Thơ